Equipe de France - Les équipes qu'ils ont affrontés - Statistiques

Statistiques générales
  • Ce quiz a été pris 97 fois
    41 depuis la dernière actualisation
  • Le résultat moyen est 66 sur 92
Statistiques - réponses
Continent Dernière confrontation Nbr de match Victoire Nul Défaite But Equipe % Correct
Europe 15/06/2021 17 9 4 4 22:17 Allemagne
100%
Europe 10/12/2022 34 11 6 16 45:75 Angleterre
95%
Amérique du Sud 18/12/2022 13 3 4 6 14:18 Argentine
92%
Amérique du Sud 26/03/2015 15 5 4 6 18:24 Brésil
92%
Europe 10/10/2021 36 13 7 16 39:64 Espagne
92%
Europe 01/06/2018 39 11 10 18 56:82 Italie
92%
Europe 07/10/2021 75 26 19 30 131:162 Belgique
89%
Europe 23/06/2021 28 19 3 6 52:31 Portugal
89%
Amérique du Sud 20/11/2018 10 3 4 3 7:8 Uruguay
89%
Asie 04/06/2010 2 1 0 1 3:2 Chine
86%
Europe 26/11/2022 19 9 2 8 23:42 Danemark
86%
Amérique du Nord 09/06/2018 4 3 1 0 11:1 Etats-Unis
86%
Asie 12/10/2012 6 4 1 1 14:5 Japon
86%
Afrique 14/12/2022 6 4 2 0 14:6 Maroc
86%
Europe 27/05/2014 15 7 4 4 22:15 Norvège
86%
Europe 24/03/2023 29 14 4 11 51:56 Pays-Bas
86%
Europe 04/12/2022 17 9 5 3 30:17 Pologne
86%
Europe 27/03/2018 7 4 1 2 15:10 Russie
86%
Europe 28/06/2021 39 16 11 12 70:63 Suisse
86%
Océanie 22/11/2022 6 4 1 1 14:4 Australie
84%
Europe 22/09/2022 25 13 3 9 42:41 Autriche
84%
Europe 13/06/2022 10 6 3 1 20:10 Croatie
84%
Europe 15/11/2006 8 6 1 1 23:7 Grèce
84%
Europe 19/06/2021 23 8 3 12 32:48 Hongrie
84%
Europe 27/03/2023 18 9 5 4 23:15 Irlande
84%
Europe 10/06/2016 16 8 5 3 21:16 Roumanie
84%
Europe 17/11/2020 23 12 5 6 34:23 Suède
84%
Europe/Asie 14/10/2019 6 4 1 1 13:5 Turquie
84%
Afrique 06/10/2001 1 1 0 0 4:1 Algérie
81%
Europe 08/06/2021 23 11 4 8 41:26 Bulgarie
81%
Amérique du Nord 01/06/1986 1 1 0 0 1:0 Canada
81%
Amérique du Nord 23/03/2018 4 3 0 1 7:5 Colombie
81%
Europe 16/11/2021 11 10 0 1 21:5 Finlande
81%
Amérique du Nord 17/06/2010 7 5 1 1 15:6 Mexique
81%
Amérique du Sud 02/06/2017 5 3 2 0 14:4 Paraguay
81%
Europe 02/06/2021 6 4 1 1 14:4 Pays de Galles
81%
Europe 04/09/2021 12 6 5 1 23:8 Ukraine
81%
Afrique 15/06/1972 1 1 0 0 2:0 Afrique
78%
Amérique du Sud 10/08/2011 5 2 1 2 11:5 Chili
78%
Asie 18/06/2006 3 2 1 0 9:3 Corée du Sud
78%
Europe 04/06/2016 16 8 0 8 23:15 Ecosse
78%
Europe 11/10/2019 15 11 4 0 42:12 Islande
78%
Europe 17/11/2019 9 7 1 1 20:4 Albanie
76%
Europe 01/09/2021 6 3 3 0 8:4 Bosnie-Herzégovine
76%
Afrique 30/04/2003 1 1 0 0 5:0 Egypte
76%
Océanie 22/06/2003 1 1 0 0 5:0 Nouvelle-Zélande
76%
Europe 22/08/2007 4 2 1 1 6:2 Slovaquie
76%
Europe 10/09/2003 3 3 0 0 10:2 Slovénie
76%
Afrique 30/11/2022 5 2 2 1 7:4 Tunisie
76%
Europe 10/09/2019 5 5 0 0 14:0 Andorre
73%
Afrique 25/03/2022 3 2 1 0 5:1 Côte d'Ivoire
73%
Europe 27/05/1927 1 1 0 0 7:0 Lettonie
73%
Europe 03/09/2017 18 16 1 1 71:12 Luxembourg
73%
Afrique 31/05/2002 1 0 0 1 0:1 Sénégal
73%
Europe 07/09/2015 5 3 2 0 8:4 Serbie
73%
Afrique 30/05/2016 3 2 1 0 5:3 Cameroun
70%
Europe/Asie 12/10/2005 8 7 1 0 27:2 Chypre
70%
Europe 16/06/2023 1 1 0 0 3:0 Gibraltar
70%
Europe 01/04/2009 4 4 0 0 5:0 Lituanie
70%
Afrique 30/06/2014 2 1 0 1 2:1 Nigeria
70%
Amérique du Sud 21/06/2018 2 1 0 1 1:1 Pérou
70%
Amérique du Sud 25/06/2014 2 1 1 0 2:0 Equateur
68%
Europe 05/06/2012 1 1 0 0 4:0 Estonie
68%
Asie 11/05/1978 1 1 0 0 2:1 Iran
68%
Europe 29/03/2003 2 2 0 0 10:0 Malte
68%
Europe 20/11/2002 26 9 7 10 41:39 Yougoslavie
68%
Amérique du Sud 02/06/2019 1 1 0 0 2:0 Bolivie
65%
Amérique du Nord 15/06/2014 1 1 0 0 3:0 Honduras
65%
Europe 18/08/1999 9 6 3 0 22:4 Irlande du Nord
65%
Asie 30/03/2005 9 4 4 1 15:6 Israel
65%
Amérique du Nord 08/06/2014 1 1 0 0 8:0 Jamaique
65%
Europe 14/11/2019 2 2 0 0 6:2 Moldavie
65%
Asie 18/06/1998 1 1 0 0 4:0 Arabie Saoudite
62%
Europe 10/10/2017 6 3 2 1 10:6 Biélorussie
62%
Afrique 23/06/2006 1 1 0 0 2:0 Togo
62%
Europe 09/09/1987 12 2 6 4 12:18 URSS
62%
Asie 06/09/2013 4 3 1 0 7:1 Géorgie
59%
Asie 13/11/2021 2 2 0 0 10:0 Kazakhstan
59%
Europe 12/02/2003 4 1 2 1 4:5 République Tchèque
59%
Europe 04/09/1991 20 7 4 9 29:34 Tchécoslovaquie
59%
Asie 08/11/2015 5 5 0 0 14:2 Arménie
57%
Europe 24/01/1990 7 2 2 3 8:7 R.D Allemagne
57%
Amérique du Nord 26/05/2010 2 2 0 0 5:3 Costa Rica
54%
Europe 10/10/2009 6 6 0 0 22:0 Ile Féroé
54%
Afrique 29/03/2022 5 3 1 1 11:3 Afrique du Sud
51%
Europe 28/02/1990 15 6 4 5 28:29 R.F Allemagne
49%
Asie 21/01/1990 2 2 0 0 5:1 Koweit
43%
Europe 05/05/1921 8 1 0 7 4:61 Angleterre Amateur
5%
/ 16/08/2000 1 1 0 0 5:1 Séléction Fifa
5%
Amérique du Nord 11/06/1972 1 1 0 0 5:0 Amérique Centrale
3%
Europe 08/02/1921 1 0 0 1 1:2 Irlande amateur
3%
Asie 06/09/1995 2 2 0 0 12:0 Azerbeidjan
0%
Aucun quiz correspondant
Distribution des résultats
% des personnes avec chaque résultat
Percentile par nombre de réponses
Votre historique - résultats
Vous n’avez pas pris ce quiz depuis la dernière actualisation